000 00904nam a2200301Ia 4500
001 Para_3685
003 CHAP
008 220125s1946 xx 000 0 und d
010 _a202285
040 _cCHAP
082 _aPA-C 632.951 S67
100 _aCarman, G. E
_919006
245 _aSuggestions for the use of DDT to control codling moth on apples, pears and plums in Southern /
_c G. E. Carman
260 _aRiverside, Calif :
_b University of California
300 _a4 h.
440 _aNews Letter; 26
_9167386
500 _aEncuadernado con impresos similares
650 _aCarpocapsa pomonella
_919295
650 _aDDT (insecticida)
_931376
650 _aManzana
_x Plagas
_970792
901 _aPA-C 632.951 S67
902 _aA
905 _a0000001946 RIV 0000000000 00
910 _a1946
942 _cPARA
942 _cPARA
_d1
999 _c202285
_d202285